| 000 | 00730nam a22002297a 4500 | ||
|---|---|---|---|
| 008 | 130821s1951 ck gr spa | ||
| 040 |
_aCo-BoUCM _bspa |
||
| 041 | 0 | 0 | _aspa |
| 092 | _aFM 000843 | ||
| 100 |
_aOspina, Eduardo _9148748 |
||
| 245 | 0 | 3 |
_aLa verdadera iglesia de Cristo _cEduardo Ospina |
| 260 |
_aMedellín (Antioquia, Colombia) _bBedout _c1951 |
||
| 300 | _a219 páginas | ||
| 500 | _aIncluye índice. -- Este libro se encuentra en el depósito de biblioteca | ||
| 610 |
_aIglesia Católica _93579 |
||
| 610 |
_aIglesia Católica _93579 |
||
| 610 |
_aIglesia Católica _xHistoria _936300 |
||
| 650 | 0 | 4 |
_aCristianismo _912174 |
| 650 | 0 | 4 |
_aDogma _913523 |
| 650 | 0 | 4 |
_aHistoria _97695 |
| 942 |
_cLIBRO _a27 _e1 _n0 |
||
| 999 |
_c84762 _d84762 |
||